| 000 -LEADER |
| fixed length control field |
01955cam a2200397 i 4500 |
| 001 - CONTROL NUMBER |
| control field |
17545267 |
| 003 - CONTROL NUMBER IDENTIFIER |
| control field |
OSt |
| 005 - DATE AND TIME OF LATEST TRANSACTION |
| control field |
20170105102905.0 |
| 008 - FIXED-LENGTH DATA ELEMENTS--GENERAL INFORMATION |
| fixed length control field |
121130s2013 enk b 001 0 eng |
| 010 ## - LIBRARY OF CONGRESS CONTROL NUMBER |
| LC control number |
2012044267 |
| 020 ## - INTERNATIONAL STANDARD BOOK NUMBER |
| International Standard Book Number |
9780415692038 (hardback) |
| 020 ## - INTERNATIONAL STANDARD BOOK NUMBER |
| Canceled/invalid ISBN |
9780203381588 (e-book) |
| 040 ## - CATALOGING SOURCE |
| Original cataloging agency |
DLC |
| Language of cataloging |
eng |
| Transcribing agency |
DLC |
| Description conventions |
rda |
| Modifying agency |
DLC |
| 042 ## - AUTHENTICATION CODE |
| Authentication code |
pcc |
| 043 ## - GEOGRAPHIC AREA CODE |
| Geographic area code |
e-uk--- |
| -- |
ee----- |
| -- |
a ec----- |
| 050 00 - LIBRARY OF CONGRESS CALL NUMBER |
| Classification number |
HC244 |
| Item number |
.H343 2013 |
| 082 00 - DEWEY DECIMAL CLASSIFICATION NUMBER |
| Classification number |
338.91 |
| Edition number |
23 |
| Author Mark |
HAM 2013 |
| 100 1# - MAIN ENTRY--PERSONAL NAME |
| Personal name |
Hamilton, Keith, |
| Dates associated with a name |
1942- |
| 245 10 - TITLE STATEMENT |
| Title |
Transformational diplomacy after the Cold War : |
| Remainder of title |
Britain's Know How Fund in post-communist Europe 1989-2003 / |
| Statement of responsibility, etc. |
Keith Hamilton. |
| 246 30 - VARYING FORM OF TITLE |
| Title proper/short title |
Britain's Know How Fund in post-communist Europe 1989-2003 |
| 260 ## - PUBLICATION, DISTRIBUTION, ETC. |
| Place of publication, distribution, etc. |
London : |
| Name of publisher, distributor, etc. |
Routledge, |
| Date of publication, distribution, etc. |
2013 |
| 300 ## - PHYSICAL DESCRIPTION |
| Extent |
xi, 224 pages ; |
| Dimensions |
24 cm. |
| 490 0# - SERIES STATEMENT |
| Series statement |
Whitehall histories: Foreign and Commonwealth Office publications ; |
| Volume/sequential designation |
1471-2083 |
| 504 ## - BIBLIOGRAPHY, ETC. NOTE |
| Bibliography, etc. note |
Includes bibliographical references (pages 211-216) and index. |
| 505 0# - FORMATTED CONTENTS NOTE |
| Formatted contents note |
Introduction: banana ripening in Belarus -- Exciting times -- Practice and principles -- Maximum glitz, minimum bucks -- Measuring success -- Evolving exit strategies -- New Labour, new strategy -- Conclusion: knowing how, when and where. |
| 610 20 - SUBJECT ADDED ENTRY--CORPORATE NAME |
| Corporate name or jurisdiction name as entry element |
Know How Fund (Great Britain) |
| General subdivision |
History. |
| 650 #0 - SUBJECT ADDED ENTRY--TOPICAL TERM |
| Topical term or geographic name entry element |
Technical assistance |
| Geographic subdivision |
Europe, Central |
| General subdivision |
History. |
| 650 #0 - SUBJECT ADDED ENTRY--TOPICAL TERM |
| Topical term or geographic name entry element |
Technical assistance |
| Geographic subdivision |
Europe, Eastern |
| General subdivision |
History. |
| 651 #0 - SUBJECT ADDED ENTRY--GEOGRAPHIC NAME |
| Geographic name |
Great Britain |
| General subdivision |
Foreign economic relations |
| Geographic subdivision |
Europe, Central. |
| 651 #0 - SUBJECT ADDED ENTRY--GEOGRAPHIC NAME |
| Geographic name |
Europe, Central |
| General subdivision |
Foreign economic relations |
| Geographic subdivision |
Great Britain. |
| 651 #0 - SUBJECT ADDED ENTRY--GEOGRAPHIC NAME |
| Geographic name |
Great Britain |
| General subdivision |
Foreign economic relations |
| Geographic subdivision |
Europe, Eastern. |
| 651 #0 - SUBJECT ADDED ENTRY--GEOGRAPHIC NAME |
| Geographic name |
Europe, Eastern |
| General subdivision |
Foreign economic relations |
| Geographic subdivision |
Great Britain. |
| 906 ## - LOCAL DATA ELEMENT F, LDF (RLIN) |
| a |
7 |
| b |
cbc |
| c |
orignew |
| d |
1 |
| e |
ecip |
| f |
20 |
| g |
y-gencatlg |
| 942 ## - ADDED ENTRY ELEMENTS (KOHA) |
| Source of classification or shelving scheme |
|
| Koha item type |
Book |